| 000 | 00937nas a2200289 4500 | ||
|---|---|---|---|
| 001 | BR2012004071 | ||
| 003 | BR-BrBNA | ||
| 005 | 20231205120651.0 | ||
| 007 | ta | ||
| 008 | 230509b bl.|||p| |||| 00| 00por d | ||
| 040 |
_aBR-BrBNA _bpor _cBiblioteca Nacional de Agricultura |
||
| 041 | _a(Pt) | ||
| 072 | _aE70 | ||
| 100 | 1 | _aLorenzi, G.M.A.C. | |
| 100 | 1 | _aPimentel, L.D. | |
| 100 | 1 | _aPaula, S.R. de | |
| 100 | 1 | _aNegrelle, R.R.B. | |
| 100 | 1 | _aPaes, J.M.V. | |
| 245 | 1 | _aProspecção da cadeia produtiva dos frutos da palmeira macaúba no estado de Minas Gerais | |
| 650 | _aMACAÚBA | ||
| 650 | _aPALMEIRA OLEAGINOSA | ||
| 650 | _aCADEIA PRODUTIVA | ||
| 650 | _aCOMERCIALIZAÇÃO | ||
| 773 | 0 |
_tInforme Agropecuário- Empresa de Pesquisa Agropecuária de Minas Gerais (Brazil) _xISSN 0100-3364 _g(Nov-Dec 2011), v. 32(265) p. 7-14 _wBR2012004071 |
|
| 909 |
_a202311 _bLúcia _c55 _dLúcia Elande |
||
| 942 |
_2AGRIS _n0 _cANA |
||
| 999 |
_c219662 _d219662 |
||